000 00945nam a22002057a 4500
005 20240927173124.0
010 _aHIN-128376
020 _a9788180591761
_c450.00
035 _aHN-100722
037 _bDBAD
082 _a820.08
100 _aकामू, ऑल्वेयर
_972158
245 _aप्लेग/
_cऑल्वेयर कामू; रणजीत सिंह द्वारा अनुवादित
250 _a1
260 _aदिल्ली
_bश्री प्रकाशन
_c2021
270 _aए - 402 विद्युत अपार्टमेंट , 81 आई .पी . एक्सटेंशन, पटपडगंज
_bदिल्ली
_e110092
_mshilalekhboks@gmail.com
300 _a256 पृ.
_c23 सेमी (सजिल्द)
700 _aरणजीत सिंह
_eअनुवादक
_971258
942 _2ddc
_cHN
_h820.08
_mकामूऑ
999 _c205676
_d205676